zpět

Detail výsledku týmu

Kozlovna S-klub, Olomouc

Datum a čas kvízu

22 Celkem bodů Celkový počet nahraných bodů na tomto kvízu bez doplňovacích otázek.
12. Pořadí na kvízu Konečné umístění týmu na tomto kvízu.

Zaznamenané odpovědi

# Otázka Odpověď Body Výsledky
1. Ve středu schválila česká sněm... 6 bodů 0
2. Turistický spolek jisté země v... Mongolsko 0
3. V pondělí vystoupil na koncert... ZZ Top 0
4. Na valné hromadě které společn... ČEZ 0
5. Slavný cyklistický závod Tour... ve Španělsku 0
6. Název stavebnice pochází z dán... B 1
7. Veškerá světová produkce Lega... C 0
8. Svého ztvárnění z Lega se dočk... Terminátor 1
9. Speciální sady stavebnice krom... Bradavice 1
10. Mezi největší stavby, které lz... A 0